000 00352nam a2200145Ia 4500
008 180207s9999 xx 000 0 und d
020 _a9782894298879
050 _bZ35 1996
100 _aZapp.
245 4 _aThe little mermaid /
260 _bTormont Publications, Inc.,
260 _c1996
300 _aunpaged :
300 _bcolor illustration ;
999 _c355313
_d355313